00434nam a2200133Ia 4500008004100000082001700041100001400058245005700072260003900129365000600168530001200174630005700186730005700243100415s9999 xx 000 0 und d b20424a574.5 aSingh,H.S aBiodiversity Study In Ratanmalals Wild Life Sanctury aGANDHINAGARc2002bGEER FOUNDATION b0 bDonated aBiodiversity Study In Ratanmalals Wild Life Sanctury aBiodiversity Study In Ratanmalals Wild Life Sanctury